000 00650nam a2200205 a 4500
999 _c3651
_d3651
001 3651
003 BD-JhCC
005 20171115193321.0
008 171115s1986 b ||||| |||| 00| 0 be d
035 _a(BD-JhCC)
040 _aBD-JhCC
_dBD-JhCC
041 _aben
082 _a297.18
_bKHA 1986
100 _aখান, ইসলাম, কামরুল
245 _aহযরত ওয়ায়েস করণী /
_cকামরুল ইসলাম খান
260 _aঢাকা :
_bইসলামিক ফাউণ্ডেশন,
_c১৯৮৬
300 _a20 p. :
_c20cm.
650 _aHazral wayes Karam
942 _2ddc
_cBK